| 000 -LEADER |
| fixed length control field |
00594pab a2200181 454500 |
| 008 - FIXED-LENGTH DATA ELEMENTS--GENERAL INFORMATION |
| fixed length control field |
180718b2015 xxu||||| |||| 00| 0 eng d |
| 100 ## - MAIN ENTRY--PERSONAL NAME |
| Personal name |
Sudan, Falendra Kumar |
| 245 ## - TITLE STATEMENT |
| Title |
Impact of agrarian crisis on rural communities in North East India: evidence and lessons learnt |
| 260 ## - PUBLICATION, DISTRIBUTION, ETC. |
| Date of publication, distribution, etc. |
2015 |
| 300 ## - PHYSICAL DESCRIPTION |
| Extent |
p.115-136. |
| 362 ## - DATES OF PUBLICATION AND/OR SEQUENTIAL DESIGNATION |
| Dates of publication and/or sequential designation |
Jan-Dec |
| 650 ## - SUBJECT ADDED ENTRY--TOPICAL TERM |
| Topical term or geographic name entry element |
Communities - India, North east |
| 650 ## - SUBJECT ADDED ENTRY--TOPICAL TERM |
| Topical term or geographic name entry element |
Agrarian structure - India, North east |
| 650 ## - SUBJECT ADDED ENTRY--TOPICAL TERM |
| Topical term or geographic name entry element |
Agrarian structure |
| 700 ## - ADDED ENTRY--PERSONAL NAME |
| Personal name |
Singh, Ishita |
| 773 ## - HOST ITEM ENTRY |
| Main entry heading |
IASSI Quarterly: Contributions to Indian Social Science |
| 909 ## - |
| -- |
110424 |